Name that African Country - Statistics

General Stats
  • This quiz has been taken 62 times
  • The average score is 8 of 10
Answer Stats
Hint Answer % Correct
To border Asia Egypt
96%
To be the 4th largest island Madagascar
94%
To be the newest country South Sudan
93%
To be the northernmost Tunisia
93%
To have the capital of Dakar Senegal
87%
To have the highest mountain Tanzania
87%
To have a island in the equator São Tome & Principe
80%
To have the capital of Conakry Guinea
76%
To have the city of Kano Nigeria
74%
To have the lowest point Djibouti
41%
No matching quizzes found
Score Distribution
Percent of People with Each Score
Percentile by Number Answered
Your Score History
You have not taken this quiz